Nghiên cứu thành phần thức ăn và một số tập tính dinh dưỡng của quần thể khi vàng (Macaca Mulatta) vào mua khô tại đảo Cù lao chàm thuộc khu dự trữ sinh quyển Cù lao chàm

Tình hình nghiên cứu linh trưởng trên thế giới và Việt Nam. Tổng quan về khỉ vàng (Macaca mulatta), điều kiện tự nhiên, kinh tế, xã hội khu DTSQ Cù lao chàm. Đối tượng và phương pháp nghiên cứu...

שמור ב:
מידע ביבליוגרפי
מחבר ראשי: Nguyễn. Thị Thu Trang (Tác giả)
מחברים אחרים: Nguyễn Thị Tường Vi ThS. (Người hướng dẫn)
פורמט: ספר
שפה:Vietnamese
יצא לאור: Đà Nẵng ĐH Sư Phạm 2011
סדרה:Khóa luận tốt nghiệp. Chuyên ngành: Sư phạm Sinh
נושאים:
תגים: הוספת תג
אין תגיות, היה/י הראשונ/ה לתייג את הרשומה!
Thư viện lưu trữ: Mạng thư viện Đại học Đà Nẵng
LEADER 01648nam a2200349 4500
001 000011426
003 7673
005 20120204100235.0
008 120204s2011 viesd
041 |a vie 
072 |a Khóa luận tốt nghiệp 
082 |a 599.852  |b NG-T 
100 |a Nguyễn. Thị Thu Trang  |e Tác giả 
245 |a Nghiên cứu thành phần thức ăn và một số tập tính dinh dưỡng của quần thể khi vàng (Macaca Mulatta) vào mua khô tại đảo Cù lao chàm thuộc khu dự trữ sinh quyển Cù lao chàm  |c Nguyễn. Thị Thu Trang 
260 |a Đà Nẵng  |b ĐH Sư Phạm  |c 2011 
300 |a 34 tr  |c 29 cm 
490 |a Khóa luận tốt nghiệp. Chuyên ngành: Sư phạm Sinh 
500 |a Khoa Sinh Môi trường 
520 |a Tình hình nghiên cứu linh trưởng trên thế giới và Việt Nam. Tổng quan về khỉ vàng (Macaca mulatta), điều kiện tự nhiên, kinh tế, xã hội khu DTSQ Cù lao chàm. Đối tượng và phương pháp nghiên cứu... 
653 |a Khỉ vàng 
653 |a Cù lao chàm 
700 |a Nguyễn Thị Tường Vi  |c ThS.  |e Người hướng dẫn 
OWN |a LSP 
AVA |a UDN50  |b LSP  |d 599.852 NG-T  |e available  |t Error 5001 Not defined in file expand_doc_bib_avail.  |f 1  |g 0  |h N  |i 0  |k 1 
999 |a From the UDN01 
AVA |a UDN50  |b LSP  |d 599.852 NG-T  |e available  |t Error 5001 Not defined in file expand_doc_bib_avail.  |f 1  |g 0  |h N  |i 0  |k 1 
TYP |a Monograph 
TYP |a Printed language 
980 |a Mạng thư viện Đại học Đà Nẵng